La patagonia rebelde /
Guardado en:
| Autor Principal: | |
|---|---|
| Formato: | Libro |
| Idioma: | Undetermined |
| Publicado: |
Buenos Aires :
Hyspamérica,
1986.
|
| Edición: | 1a. ed. |
| Series: | Biblioteca Argentina de Historia y Política ;
1 |
| Materias: | |
| Etiquetas: |
Agregar Etiqueta
Sin Etiquetas, Sea el primero en etiquetar este registro!
|
| LEADER | 00509nam a22001695a 4500 | ||
|---|---|---|---|
| 001 | DER.der015308 | ||
| 008 | 251002s1986####ag############000#0#und#d | ||
| 005 | 20251008094651.0 | ||
| 245 | 1 | 0 | |a La patagonia rebelde / |c Osvaldo Bayer. |
| 250 | |a 1a. ed. | ||
| 260 | |a Buenos Aires : |b Hyspamérica, |c 1986. | ||
| 300 | |a 429 p. | ||
| 490 | 1 | |a Biblioteca Argentina de Historia y Política ; |v 1 | |
| 020 | |a 9506143552 | ||
| 100 | 1 | |a Bayer, Osvaldo. | |
| 650 | 7 | |a HISTORIA ARGENTINA | |
| 859 | |a DERECHO |b BIB. DERECHO |h 982.06 |i BAY |p 0010653 | ||
